| 000 | 00835nas a2200277 4500 | ||
|---|---|---|---|
| 001 | BR0402405 | ||
| 003 | BR-BrBNA | ||
| 005 | 20231205104541.0 | ||
| 007 | ta | ||
| 008 | 230509b bl.|||p| |||| 00| 00por d | ||
| 040 |
_aBR-BrBNA _bpor _cBiblioteca Nacional de Agricultura |
||
| 041 | _a(Pt) | ||
| 072 | _aP01 | ||
| 100 | 1 | _aLouzada, J.N.C. | |
| 100 | 1 | _aMachado, F.S. | |
| 100 | 1 | _aBerg, E. van den | |
| 245 | 1 | _aO fogo como instrumento de manejo em agroecossistemas | |
| 650 | _aFOGO | ||
| 650 | _aMEIO AMBIENTE | ||
| 650 | _aQUEIMADA | ||
| 650 | _aECOSSISTEMA | ||
| 650 | _aPRÁTICA CULTURAL | ||
| 773 | 0 |
_tInforme Agropecuário - Empresa de Pesquisa Agropecuária de Minas Gerais (Brazil) _xISSN 0100-3364 _g(2003), v. 24(220) p. 29-36 _wBR0402405 |
|
| 909 |
_a202311 _bLúcia _c55 _dLúcia Elande |
||
| 942 |
_2AGRIS _n0 _cANA |
||
| 999 |
_c178673 _d178673 |
||